MyGZULibrary

Disorders of the cerebellum / (Record no. 11768)

MARC details
000 -LEADER
fixed length control field 01073cam a2200361 i 4500
001 - CONTROL NUMBER
control field 4190374
003 - CONTROL NUMBER IDENTIFIER
control field GZU
005 - DATE AND TIME OF LATEST TRANSACTION
control field 20260424074216.0
008 - FIXED-LENGTH DATA ELEMENTS--GENERAL INFORMATION
fixed length control field 800828s1981 paua b 001 0 eng
010 ## - LIBRARY OF CONGRESS CONTROL NUMBER
LC control number 80023393
020 ## - INTERNATIONAL STANDARD BOOK NUMBER
International Standard Book Number 0803641508
020 ## - INTERNATIONAL STANDARD BOOK NUMBER
International Standard Book Number 9780803641501
022 ## - INTERNATIONAL STANDARD SERIAL NUMBER
International Standard Serial Number .
035 ## - SYSTEM CONTROL NUMBER
System control number 4190374
040 ## - CATALOGING SOURCE
Original cataloging agency DLC
Transcribing agency DLC
Modifying agency GZULib
050 00 - LIBRARY OF CONGRESS CALL NUMBER
Classification number RC386.2
Item number .GIL 1981
100 1# - MAIN ENTRY--PERSONAL NAME
Personal name Gilman, Sid.
Relator term author
245 10 - TITLE STATEMENT
Title Disorders of the cerebellum /
Statement of responsibility, etc. Sid Gilman, James Bloedel, Richard Lechtenberg.
260 ## - PUBLICATION, DISTRIBUTION, ETC.
Place of publication, distribution, etc. Philadelphia :
Name of publisher, distributor, etc. F.A. Davis Co.,
Date of publication, distribution, etc. c1981.
300 ## - PHYSICAL DESCRIPTION
Extent ix, 415 pages :
Other physical details illustrations ;
Dimensions 26 cm.
336 ## - CONTENT TYPE
Content type term text
Content type code txt
Source rdacontent
337 ## - MEDIA TYPE
Media type term unmediated
Media type code n
Source rdamedia
338 ## - CARRIER TYPE
Carrier type term volume
Carrier type code nc
Source rdacarrier
440 #0 - SERIES STATEMENT/ADDED ENTRY--TITLE
Title Contemporary neurology series ;
Volume/sequential designation 21
504 ## - BIBLIOGRAPHY, ETC. NOTE
Bibliography, etc. note Includes bibliographies and index.
505 ## - FORMATTED CONTENTS NOTE
Formatted contents note .
520 ## - SUMMARY, ETC.
Summary, etc. .
650 #0 - SUBJECT ADDED ENTRY--TOPICAL TERM
Topical term or geographic name entry element Cerebellum
General subdivision Diseases.
650 #2 - SUBJECT ADDED ENTRY--TOPICAL TERM
Topical term or geographic name entry element Cerebellar diseases.
700 1# - ADDED ENTRY--PERSONAL NAME
Personal name Bloedel, James R.
Relator term author
700 1# - ADDED ENTRY--PERSONAL NAME
Personal name Lechtenberg, Richard.
Relator term author
942 ## - ADDED ENTRY ELEMENTS (KOHA)
Source of classification or shelving scheme Library of Congress Classification
Koha item type Books
Classification part 386.2
Item part GIL
Call number prefix RC
Holdings
Withdrawn status Lost status Source of classification or shelving scheme Damaged status Not for loan Collection code Home library Current library Shelving location Date acquired Source of acquisition Total Checkouts Full call number Barcode Date last seen Copy number Price effective from Koha item type
    Library of Congress Classification     Non-fiction Medical Library Medical Library General Stacks 04/24/2026 Donation from UKZN   RC386.2 GIL 1981 034554 04/24/2026 c. 1 04/24/2026 Books